|
|
|
|
| LEADER |
00000naa2a2200000 4500 |
| 001 |
189165 |
| 005 |
20231031175159.0 |
| 035 |
|
|
|a (RuTPU)RU\TPU\book\205542
|
| 090 |
|
|
|a 189165
|
| 100 |
|
|
|a 20101221d2010 k y0rusy50 ca
|
| 101 |
0 |
|
|a rus
|
| 102 |
|
|
|a RU
|
| 200 |
1 |
|
|a Исследование объёмной кристаллизации в магнитном поле
|f М. Л. Павлова, В. И. Беспалов
|
| 320 |
|
|
|a Библиогр.: 4 назв.
|
| 463 |
|
0 |
|0 (RuTPU)RU\TPU\book\199146
|y 978-5-98298-642-9
|t Инновационные технологии и экономика в машиностроении
|o сборник трудов Международной научно-практической конференции с элементами научной школы для молодых ученых, 20-21 мая 2010 г. г. Юрга
|f Национальный исследовательский Томский политехнический университет (ТПУ), Юргинский технологический институт (ЮТИ); под ред. Д. А. Чинахова
|v С. 190-192
|d 2010
|p 577 с.
|
| 610 |
1 |
|
|a магнитное поле
|
| 610 |
1 |
|
|a кристаллизация
|
| 610 |
1 |
|
|a минерализованные воды
|
| 610 |
1 |
|
|a минерализация
|
| 610 |
1 |
|
|a технологические процессы
|
| 610 |
1 |
|
|a схемы
|
| 610 |
1 |
|
|a формулы
|
| 610 |
1 |
|
|a труды учёных ТПУ
|
| 700 |
|
1 |
|a Павлова
|b М. Л.
|
| 701 |
|
1 |
|a Беспалов
|b В. И.
|
| 801 |
|
1 |
|a RU
|b 63413507
|c 20101221
|
| 801 |
|
2 |
|a RU
|b 63413507
|c 20150618
|g RCR
|
| 942 |
|
|
|c BK
|